[Event "Oberliga Wuerttemberg 0809"]
[Site "Wuerttemberg"]
[Date "2008.10.12"]
[Round "1.8"]
[White "Oganian, Albert"]
[Black "Chatziioakimidis, Niko"]
[Result "0-1"]
[WhiteElo "1913"]
[BlackElo "2159"]
[PlyCount "42"]
[EventDate "2008.10.12"]
[EventType "team-tourn"]
[EventRounds "9"]
[EventCountry "GER"]
[SourceTitle "EXT 2019"]
[Source "ChessBase"]
[SourceDate "2018.10.10"]
[SourceVersion "1"]
[SourceVersionDate "2018.10.10"]
[SourceQuality "1"]
[WhiteTeam "Schwaebisch Gmuend"]
[BlackTeam "Ulm Post"]
[WhiteTeamCountry "GER"]
[BlackTeamCountry "GER"]

1. d4 d6 2. c4 e5 3. d5 f5 4. Nc3 Nf6 5. Bg5 Be7 6. e4 Nxe4 7. Nxe4 fxe4 8. Qh5+ g6 9. Bxe7 Qxe7 10. Qh6 Na6 11. Ne2 Nb4 12. Kd2 Nd3 13. Qe3 0-0 14. f3 Nxb2 15. Ng3 exf3 16. gxf3 Qh4 17. Ne4 Bf5 18. a4 Bxe4 19. Qxe4 Rf4 20. Qe3 Nxc4+ 21. Bxc4 Rxc4 0-1